LIBRARY & INFORMATION CENTRE, KCAET, TAVANUR

ONLINE PUBLIC ACCESS CATALOGUE (OPAC)

Soil mechanics and foundation engineering / (Record no. 9012)

MARC details
000 -LEADER
fixed length control field 00394cam a2200157ua 4500
003 - CONTROL NUMBER IDENTIFIER
control field OSt
008 - FIXED-LENGTH DATA ELEMENTS--GENERAL INFORMATION
fixed length control field 250328b |||||||| |||| 00| 0 eng d
041 ## - LANGUAGE CODE
Language code of text/sound track or separate title eng
082 ## - DEWEY DECIMAL CLASSIFICATION NUMBER
Classification number 624.15
Item number MUR/SO
100 ## - MAIN ENTRY--AUTHOR NAME
Personal name Murthy, V N S .
245 ## - TITLE STATEMENT
Title Soil mechanics and foundation engineering /
250 ## - EDITION STATEMENT
Edition statement 2 /
260 ## - PUBLICATION, DISTRIBUTION, ETC. (IMPRINT)
Place of publication Delhi :
Name of publisher Dhanpath Rai and sons ,
Year of publication 1984.
300 ## - PHYSICAL DESCRIPTION
Number of Pages 763 ; .
942 ## - ADDED ENTRY ELEMENTS (KOHA)
Koha item type Books
Holdings
Withdrawn status Lost status Damaged status Home library Current library Date acquired Full call number Accession Number Koha item type
      KAUAET KAUAET 19/08/1986 624.15 MUR/SO 15346 Books
free website counter